00315nam a2200133Ia 4500008004100000041000800041082000800049100002500057245003400082260002300116300000900139542001500148650001800163220531s9999 xx 000 0 und d aeng bCHA aChaudhari ,. Prakash aBusiness Regulatory Framework aPunebNiralic2010 aB .3 d16-09-2010 aMercatile Law